Normal view
MARC view
Entry Geographic Name
001 - CONTROL NUMBER
- control field: 8994
003 - CONTROL NUMBER IDENTIFIER
- control field: TZ-ArACH
005 - DATE AND TIME OF LATEST TRANSACTION
- control field: 20130423114005.0
008 - FIXED-LENGTH DATA ELEMENTS
- fixed length control field: 130423|||a|||||| | ||| d
040 ## - CATALOGING SOURCE
- Original cataloging agency: TZ-ArACH
- Transcribing agency: TZ-ArACH
151 ## - HEADING--GEOGRAPHIC NAME
- Geographic name: Soudan
- General subdivision: Histoire
- Chronological subdivision: 2003- (Conflit du Darfour)
670 ## - SOURCE DATA FOUND
- Source citation: Work cat.: (TZ-ArACH)2146: Prunier, Gérard. 8988, Darfur : a 21st century genocide, 2008.
670 ## - SOURCE DATA FOUND
- Source citation: Work cat.: (TZ-ArACH)2146: Prunier, Gérard. 8988, Darfur : a 21st century genocide, 2008.
